Gaming Quiz

Random Gaming or Pokémon Quiz

Put Pokémon Together Quiz Stats

 Plays Quiz Updated Nov 28, 2015

Challenge
Share
Tweet
Embed
Score 0/22 Timer 06:00
2 Plays Today
Clue Pokémon % Correct
Sound a cat makesMeowth
94.7%
The guy who brought us 'Gangnam Style'Psyduck
92.8%
What runs through an hourglassSandslash
86.6%
Used a shovelDugtrio
82.1%
Honeycomb makerBeedrill
79.1%
'The ___ in the Iron Mask'Mankey
71%
Churned dairy productButterfree
69.3%
Molten lava, when undergroundMagmar
68.3%
Sound of an electric shockZapdos
68%
Bowling ball targetPinsir
66.2%
Symbol for ArgonArcanine
64.9%
Clue Pokémon % Correct
Baby bearCubone
64.4%
Poseidon's realmSeaking
63.1%
Partner of PaMachop
62.8%
99 / 11Ninetales
61.8%
Smaug or Toothless, e.g.Dragonair
61.1%
The 'R' of REM sleepRapidash
58.3%
Provide food at a private eventCaterpie
56.4%
Black Beauty or Seabiscuit, e.g.Horsea
55%
Beads of water on grassDewgong
52.8%
Like the fabled tortoiseSlowbro
51.4%
Asparagus unitSpearow
27%

You're not logged in!

Compare scores with friends on all Sporcle quizzes.
OR
Log In

You Might Also Like...

Show Comments

Extras

Top Quizzes Today


Score Distribution

Your Account Isn't Verified!

In order to create a playlist on Sporcle, you need to verify the email address you used during registration. Go to your Sporcle Settings to finish the process.

Report this User

Report this user for behavior that violates our Community Guidelines.

Details: